000 00772nam a2200253Ia 4500
003 OSt
005 20220928114721.0
006 a|||||r|||| 00| 0
007 ta
008 220927b |||||||| |||| 00| 0 eng d
020 _c5808
024 _a109863
037 _b135, 27/10/2010, Pioneer Book Distributors
_cTextual
040 _aSDCL
_cSDCL
_beng
041 _2eng
_aeng
082 _aV2,41C'N6, Q0
100 _aKuracina William F
_9407938
245 0 _aState and governance in India
_b The congress ideal.
260 _aLondon
_bRoutledge
_c2010
300 _ax,238p
_ccm.
650 _aPolitical Science
942 _hV2,41C'N6, Q0
_cTEXL
_2CC
999 _c756115
_d756115